| 000 | 00819nam a2200265Ia 4500 | ||
|---|---|---|---|
| 003 | OSt | ||
| 005 | 20220925194147.0 | ||
| 006 | a|||||r|||| 00| 0 | ||
| 007 | ta | ||
| 008 | 220923b |||||||| |||| 00| 0 eng d | ||
| 020 |
_a9781107420984 _c2189.9299999999998 |
||
| 037 |
_b1088, 21/07/2015, Pranami Book Service _cGeneral Book |
||
| 040 |
_aRTL _cRTL _beng |
||
| 041 |
_2eng _aeng |
||
| 082 | _aY11, P8;Q5 | ||
| 100 |
_aLANCY David F _9250478 |
||
| 245 | 0 |
_aAnthropology of childhood _b Cherubs, chattel, changelings |
|
| 250 | _a2nd | ||
| 260 |
_aCambridge _bCUP _c2015 |
||
| 300 |
_axiv, 533p _ccm. |
||
| 500 | _aBibliography: p 242-52 | ||
| 650 | _aSociology | ||
| 942 |
_hY11, P8;Q5 _cGB _2CC |
||
| 999 |
_c528425 _d528425 |
||